Duas histórias de natal fantásticas (Registo nº 1129)
[ vista simples ]
| 000 -Etiqueta do registo | |
|---|---|
| Cabeçalho | 00916nam0a2200277 4500 |
| 005 - Identificador da versão | |
| Campo de controlo | 20240822170756.0 |
| 010 ## - Número internacional normalizado dos livros (ISBN) | |
| Número (ISBN) | 9726806437 |
| 021 ## - Número do Depósito Legal | |
| Código do país | PT |
| Número | 237401/08 |
| 100 ## - Dados gerais de processamento | |
| Dados gerais de processamento | 20150307d2006 de y0pory5003 ba |
| 101 0# - Língua de publicação | |
| Língua do texto, banda sonora, etc. | Português |
| 102 ## - Pais de publicação ou produção | |
| País de publicação | Portugal |
| 200 1# - Titulo e menção de responsabilidade | |
| Título próprio | Duas histórias de natal fantásticas |
| Primeira menção de responsabilidade | Jorge de Sena, Nicolau Gogol |
| 210 ## - Publicação, Distribuição, etc. | |
| Lugar da edição, distribuição, etc. | Lisboa |
| Nome do editor, distribuidor, etc. | Lisboa Ed. |
| Data da publicação, distribuição, etc. | 2006 |
| 215 ## - Descrição física | |
| Indicação específica da natureza do documento e extensão da espécie | 112 p |
| 225 2# - Colecção | |
| Título próprio da colecção | 1001 livros |
| Informação de outro título da colecção | a partir dos 13 anos |
| Indicação de volume | 2 |
| 327 0# - Nota de conteúdo | |
| Texto da nota | Razão de o Pai Natal ter barbas brancas / Jorge de Sena |
| -- | A noite de Natal / Nicolau Gogol |
| 606 ## - Nome comum usado como assunto | |
| Número de registo de entrada de autoridade | 0002010 |
| Palavra de ordem | Literatura portuguesa |
| Subdivisão de assunto | Conto |
| Código do sistema | CA |
| Número de registo de entrada de autoridade | 0002719 |
| Palavra de ordem | Literatura russa |
| Subdivisão de assunto | Conto |
| Código do sistema | CA |
| 675 ## - Classificação Decimal Universal (CDU) | |
| Notação | 821.134.3-34 |
| Edição | 3ª ed. |
| Língua da edição | por |
| Notação | 821.161.1-34 |
| Edição | 3ª ed. |
| Língua da edição | por |
| 700 #1 - Nome de autor-pessoa física (responsabilidade principal) | |
| Número de registo de entrada de autoridade | 0002721 |
| Palavra de ordem | Sena |
| Outra parte do nome não tomada para palavra de ordem | Jorge de |
| Elementos de identificação ou distinção | e outro |
| Datas | 1919-1978 |
| 701 #1 - Nome de autor-pessoa física (co-responsabilidade principal) | |
| Palavra de ordem | Gogol |
| Outra parte do nome não tomada para palavra de ordem | Nicolau |
| Elementos de identificação ou distinção | e outro |
| Datas | 1809-1852 |
| Código de função | Autor / Co-autor |
| 942 ## - Elementos de entrada adicionados (Koha) | |
| Tipo de item no Koha | Livro |
| 966 ## - Identificação da Biblioteca | |
| Sigla | EB2,3ENM |
| Situação do levantamento | Origin of item (home branch) (coded) | Biblioteca de empréstimo | Código de barras | Cota | Circulation type (not for loan) | Tipo de documento | Nota do exemplar | Damaged status |
|---|---|---|---|---|---|---|---|---|
| Biblioteca Escolar Eng. Nuno Mergulhão | Biblioteca Escolar Eng. Nuno Mergulhão | BENM2059 | 82LP-34 SEN | Livro | Sem mensagem |
